TLCAN Reflexiones y propuestas a quince aǫs de su firma

Bibliographic Details
Format: eBook
Language:Spanish
Published: Ciudad de Mx̌ico: Cm̀ara de Diputados, 2011
Subjects:
Online Access:Acceso restringido

MARC

LEADER 00000nam a22000007a 4500
005 20171121160623.0
007 cr|||| ||||
008 171121s2011 mx |||||s|||| 00||0 spa d
035 |a 20810 
040 |a vLex 
090 |c 7203  |d 7203 
245 0 0 |a TLCAN  |h [Recurso en ln̕ea] :  |b Reflexiones y propuestas a quince aǫs de su firma 
256 |a Servicio en ln̕ea 
260 |a Ciudad de Mx̌ico:  |b Cm̀ara de Diputados,   |c 2011 
300 |a 1 recurso electrn̤ico (456p.) 
506 1 |a Disponible solo en los productos indicados  |d vLex Global  |d vLex Global (Academic Edition, excluding Law Schools)  |d vLex Global (U.S. Academic Edition, Law Schools)  |d vLex Global (U.S. Academic Edition, excluding Law Schools)  |d vLex Global (Academic Edition, Law Schools) 
650 0 4 |a Derecho Internacional  |z Mx̌ico 
740 0 |a vLex Libros (Servicio en ln̕ea) 
856 4 0 |u http://vlex.com/source/tlcan-reflexiones-propuestas-quince-a-os-firma-20810  |z Acceso restringido 
942 |c BOOK 
999 0 |a International law